01139 2200337 4500001002100000005001500021035002000036007000300056008004100059020002200100082001500122084001700137100002600154245020200180250003000382300004600412650001600458700002400474700003000498700003400528504003300562264003200595336002100627337003000648338002300678040002200701090002200723850001200745999002200757990002200779INLIS00000000088233020231005095812 a0010-1023000112ta231005b2023 xx a g ind d a978-623-02-6599-004223a610.73 a610.73 ABD p0 aAbdul AzizePengarang10aPerilaku organisasi :bkonflik pekerjaan keluarga, perilaku kepemimpinan, stres kerja dan kepuasan kerja perawat di rumah sakit /cAbdul Aziz, Safrudin; penyunting, Eric Hermawan, Zakiyatur Rosidah aCetakan pertama, Mei 2023 avi, 154 halaman :bgambar, tabel ;c23 cm04aKeperawatan0 aSafrudinePengarang0 aEric HermawanePenyunting0 aZakiyatur RosidahePenyunting aBibliografi: halaman 149-15331aSleman :bDeepublish,c2023 2rdacontentateks 2rdamediaatanpa perantara 2rdacarrieravolume aYOPDYOGbinderda aCB-D.11 2023-2257 aYOPDYOG aCB-D.11/2023-2257 aCB-D.11/2023-2257